[Event "9. LGA Premium Cup 2012"]
[Site "Nürnberg"]
[Date "2012.09.09"]
[Round "7.61"]
[White "Hirschinger, Thomas"]
[Black "Berger, Stefan"]
[Result "1/2-1/2"]
[WhiteElo "2083"]
[BlackElo "1988"]
[PlyCount "25"]
[EventDate "2012.??.??"]
[WhiteTeam "SK Landau"]
[BlackTeam "SUI"]

1. Nf3 d5 2. d4 Nf6 3. g3 Bg4 4. Bg2 Nbd7 5. c4 c6 6. Nbd2 e6 7. O-O Be7 8. b3
O-O 9. Bb2 Rc8 10. Rc1 Re8 11. Re1 a6 12. cxd5 cxd5 13. Rxc8 1/2-1/2

[Event "9. LGA Premium Cup 2012"]
[Site "Nürnberg"]
[Date "2012.09.09"]
[Round "7.62"]
[White "Hörmann, Gunther"]
[Black "Winterholler, Christina"]
[Result "1-0"]
[WhiteElo "2080"]
[BlackElo "1856"]
[PlyCount "81"]
[EventDate "2012.??.??"]
[WhiteTeam "TSV Cadolzburg e.V."]
[BlackTeam "SK Ingolstadt"]

1. c4 e5 2. Nc3 Nf6 3. g3 Bb4 4. Bg2 h6 5. e3 Bxc3 6. bxc3 O-O 7. d4 d6 8. Nf3
Nbd7 9. Nd2 Rb8 10. O-O Re8 11. Qa4 a6 12. Rb1 Nb6 13. Qc2 c6 14. Ba3 exd4 15.
cxd4 d5 16. Bc5 Nbd7 17. Bd6 Ra8 18. cxd5 Nxd5 19. e4 Ne7 20. Ba3 Nf6 21. Nc4
b5 22. Nd6 Rf8 23. f4 a5 24. Bc5 Nd7 25. f5 Rb8 26. e5 f6 27. e6 Nxc5 28. Qxc5
Qb6 29. Rfd1 Ba6 30. Ne4 Qxc5 31. Nxc5 Bc8 32. d5 cxd5 33. Bxd5 Kh8 34. Be4 Re8
35. Rd6 Kh7 36. Rbd1 Kh8 37. Rd8 Rg8 38. Rxg8+ Nxg8 39. Rd8 Kh7 40. Nd7 Bxd7
41. Rxb8 1-0

[Event "9. LGA Premium Cup 2012"]
[Site "Nürnberg"]
[Date "2012.09.09"]
[Round "7.63"]
[White "Baskin, Robert"]
[Black "Pfadenhauer, Tobias"]
[Result "1-0"]
[WhiteElo "2070"]
[BlackElo "1801"]
[PlyCount "147"]
[EventDate "2012.??.??"]
[WhiteTeam "SAbt TuS Makkabi Ffm"]
[BlackTeam "Kronacher SK 1882 e.V."]

1. e4 e6 2. d4 d5 3. Nc3 Nc6 4. Nf3 Nf6 5. Bg5 Be7 6. Bxf6 Bxf6 7. Bb5 dxe4 8.
Nxe4 Bd7 9. c3 O-O 10. O-O a6 11. Bd3 h6 12. Re1 g6 13. Nxf6+ Qxf6 14. Qe2 Ne7
15. Ne5 Bc6 16. Rad1 Rad8 17. f3 Be8 18. Bc2 Nd5 19. g3 Qg5 20. Kh1 Kh7 21. Qf2
Kg8 22. Be4 c6 23. Bc2 Rc8 24. c4 Ne7 25. h4 Qf6 26. Ng4 Qg7 27. Qd2 Kh7 28.
Qb4 Rc7 29. Qb6 Rd7 30. Ne5 Nc8 31. Qb4 Rc7 32. Qa5 Re7 33. Qd8 f6 34. Ng4 Bf7
35. Qa5 Rd7 36. Qc3 Rfd8 37. f4 h5 38. Nh2 Ne7 39. Nf3 Nf5 40. Kh2 Nh6 41. Qa5
Kh8 42. Re2 Nf5 43. Qc3 c5 44. Red2 cxd4 45. Nxd4 Nxd4 46. Rxd4 Be8 47. Rxd7
Rxd7 48. Rxd7 Bxd7 49. Qd3 Kh7 50. Qf3 Be8 51. Qxh5+ Kg8 52. Qf3 Bc6 53. Qe3
Qf7 54. Qd4 e5 55. Qd3 Kg7 56. b3 e4 57. Qe3 Qe6 58. Kg2 f5 59. Qd4+ Kf8 60.
Kf2 Qf7 61. Ke3 Qh7 62. Qd8+ Be8 63. Qd6+ Kg8 64. c5 Qh5 65. Bd1 Qh8 66. Qd4
Qxd4+ 67. Kxd4 Kf7 68. h5 Ke6 69. hxg6 Bxg6 70. Be2 Bh7 71. g4 fxg4 72. Bxg4+
Kf6 73. Bc8 a5 74. Bxb7 1-0

[Event "9. LGA Premium Cup 2012"]
[Site "Nürnberg"]
[Date "2012.09.09"]
[Round "7.64"]
[White "Braun, Michael"]
[Black "Nuber, Helene"]
[Result "1/2-1/2"]
[WhiteElo "1855"]
[BlackElo "2060"]
[PlyCount "82"]
[EventDate "2012.??.??"]
[WhiteTeam "SG Büchenbach/Roth e.V."]
[BlackTeam "SC Dillingen"]

1. d4 e6 2. c4 Be7 3. g3 d5 4. Bg2 dxc4 5. Nf3 Nf6 6. Qa4+ Bd7 7. Qxc4 Bc6 8.
O-O O-O 9. Bg5 Nbd7 10. Nc3 h6 11. Bxf6 Nxf6 12. Rfd1 Nd5 13. Ne5 Nxc3 14. Nxc6
Nxe2+ 15. Qxe2 bxc6 16. Bxc6 Rb8 17. Rac1 Bf6 18. Qd2 Qd6 19. b3 Rfd8 20. d5
exd5 21. Bxd5 Rb5 22. Bc4 Qxd2 23. Rxd2 Rxd2 24. Bxb5 Bd4 25. Rxc7 Rxa2 26. Bc4
Rxf2 27. Kh1 Bb6 28. Re7 g5 29. Re2 Rxe2 30. Bxe2 f5 31. Kg2 Kg7 32. g4 f4 33.
Kf3 Kg6 34. h4 gxh4 35. Kxf4 Bc7+ 36. Kf3 h3 37. Bf1 h2 38. Kg2 Kf6 39. Bc4 Kg5
40. Kh1 Kxg4 41. Kg2 Kf5 1/2-1/2

[Event "9. LGA Premium Cup 2012"]
[Site "Nürnberg"]
[Date "2012.09.09"]
[Round "7.65"]
[White "Martin Fernandez, Rodrigo"]
[Black "Schäfer, Annabelle"]
[Result "1-0"]
[WhiteElo "2156"]
[BlackElo "1904"]
[PlyCount "87"]
[EventDate "2012.??.??"]
[WhiteTeam "SC Erlangen 48/88 e.V."]
[BlackTeam "Sfr.1891 Friedberg"]

1. d4 d5 2. c4 e6 3. Nc3 Be7 4. Nf3 Nf6 5. Bg5 Nbd7 6. e3 a6 7. cxd5 exd5 8.
Bd3 O-O 9. O-O Re8 10. Qc2 Nf8 11. Rfc1 c6 12. Rab1 Bd6 13. b4 Ng6 14. h3 Bd7
15. a4 Rc8 16. Qd1 h6 17. Bxf6 Qxf6 18. b5 axb5 19. axb5 Nh4 20. Nxh4 Qxh4 21.
Qf3 Qg5 22. bxc6 bxc6 23. Rb7 Red8 24. Na4 Rb8 25. Nc5 Be8 26. Qf5 Qxf5 27.
Bxf5 g6 28. Bd3 Rdc8 29. Kf1 Rxb7 30. Nxb7 Be7 31. Ke2 Rb8 32. Rb1 Bd7 33. Nc5
Rxb1 34. Bxb1 Bc8 35. Bd3 Kf8 36. Kd2 Ke8 37. Kc3 Kd8 38. Kb4 Kc7 39. Ka5 Bh4
40. g3 Bd8 41. h4 g5 42. hxg5 Kd6+ 43. Kb4 hxg5 44. Be2 1-0

[Event "9. LGA Premium Cup 2012"]
[Site "Nürnberg"]
[Date "2012.09.09"]
[Round "7.66"]
[White "Willim, Michael"]
[Black "Heppert, Lars"]
[Result "1-0"]
[WhiteElo "2107"]
[BlackElo "1956"]
[PlyCount "27"]
[EventDate "2012.??.??"]
[WhiteTeam "SC Erlangen 48/88 e.V."]
[BlackTeam "SV Haunwöhr SAbt"]

1. c4 e5 2. g3 d5 3. cxd5 Qxd5 4. Nf3 Bb4 5. Bg2 e4 6. Qa4+ Nc6 7. a3 b5 8. Qc2
Bc5 9. Nc3 Bxf2+ 10. Kf1 Qc4 11. b3 Qc5 12. Qxe4+ Nge7 13. b4 Bf5 14. bxc5 1-0

[Event "9. LGA Premium Cup 2012"]
[Site "Nürnberg"]
[Date "2012.09.09"]
[Round "7.67"]
[White "Konsek, Peter"]
[Black "Lais, Thomas"]
[Result "1-0"]
[WhiteElo "2075"]
[BlackElo "1956"]
[PlyCount "49"]
[EventDate "2012.??.??"]
[WhiteTeam "SW Nürnberg Süd e.V."]
[BlackTeam "SW Nürnberg Süd e.V."]

1. c4 Nf6 2. g3 g6 3. Bg2 d5 4. cxd5 Nxd5 5. Nc3 Nb6 6. d3 Bg7 7. Be3 O-O 8.
Qd2 e5 9. h4 h5 10. Bg5 f6 11. Bh6 c6 12. Nf3 Na6 13. Bxg7 Kxg7 14. O-O Be6 15.
Rab1 Qe7 16. Rfc1 Rad8 17. Qe3 Rd7 18. a4 Qb4 19. b3 Nc7 20. a5 Qxa5 21. b4 Qa3
22. Ne4 Ncd5 23. Qd2 Rdd8 24. Nc5 Bc8 25. e4 1-0

[Event "9. LGA Premium Cup 2012"]
[Site "Nürnberg"]
[Date "2012.09.09"]
[Round "7.68"]
[White "Eber, Fabian"]
[Black "Radziwill, Gerrit"]
[Result "0-1"]
[WhiteElo "1986"]
[BlackElo "1841"]
[PlyCount "62"]
[EventDate "2012.??.??"]
[WhiteTeam "SF Wilhermsdorf e.V."]
[BlackTeam "Schach-Union München e.V."]

1. e4 e5 2. Nf3 Nc6 3. Bc4 Bc5 4. O-O Nf6 5. b4 Bxb4 6. c3 Bf8 7. Ng5 d5 8.
exd5 Nxd5 9. d4 Be6 10. Nxe6 fxe6 11. f4 exd4 12. f5 Qh4 13. Bxd5 exd5 14. f6
O-O-O 15. g3 Qh3 16. cxd4 gxf6 17. Ba3 Bh6 18. Bc1 Rhg8 19. Qd3 Bxc1 20. Rxc1
f5 21. Rf1 Rdf8 22. Qe3 Qg4 23. Nc3 f4 24. Qf3 Qg7 25. Qxd5 Nxd4 26. Rad1 Rd8
27. Qg2 fxg3 28. h3 Qe5 29. Rde1 Qc5 30. Ne4 Nf3+ 31. Kh1 Nxe1 0-1

[Event "9. LGA Premium Cup 2012"]
[Site "Nürnberg"]
[Date "2012.09.09"]
[Round "7.69"]
[White "Pfadenhauer, Johannes"]
[Black "Roß, Thomas"]
[Result "0-1"]
[WhiteElo "1877"]
[BlackElo "2035"]
[PlyCount "62"]
[EventDate "2012.??.??"]
[WhiteTeam "Kronacher SK 1882 e.V."]
[BlackTeam "SG Büchenbach/Roth e.V."]

1. d4 d6 2. Nf3 Nf6 3. Bg5 Nbd7 4. Nbd2 h6 5. Bxf6 Nxf6 6. e4 Bg4 7. Bc4 e6 8.
e5 dxe5 9. dxe5 Nd5 10. O-O Be7 11. Bd3 Qd7 12. Be4 O-O 13. h3 Bh5 14. c4 Nf4
15. Qc2 c5 16. Rfe1 Rad8 17. Re3 f5 18. exf6 Bxf6 19. Rae1 Bd4 20. Nxd4 cxd4
21. Rb3 d3 22. Qb1 b6 23. Re3 Be2 24. Qe1 Qd4 25. Kh2 Qf6 26. g3 Nh5 27. Bxd3
Bxd3 28. Rbxd3 Qxf2+ 29. Qxf2 Rxf2+ 30. Kg1 Rxd2 31. Ra3 Rxb2 0-1

[Event "9. LGA Premium Cup 2012"]
[Site "Nürnberg"]
[Date "2012.09.09"]
[Round "7.70"]
[White "Ortpaul, Mario"]
[Black "Werner, Thomas"]
[Result "1/2-1/2"]
[WhiteElo "1947"]
[BlackElo "2022"]
[PlyCount "65"]
[EventDate "2012.??.??"]
[WhiteTeam "Schachklub Werther 1949 e.V."]
[BlackTeam "SW Nürnberg Süd e.V."]

1. Nf3 Nf6 2. d4 d5 3. Bf4 Bf5 4. e3 e6 5. Bd3 Bxd3 6. Qxd3 Nbd7 7. h3 c5 8. c3
Ne4 9. Nbd2 Ndf6 10. Nxe4 Nxe4 11. Qb5+ Qd7 12. Qxd7+ Kxd7 13. Ne5+ Ke8 14. f3
Nf6 15. Kf2 Nd7 16. Nxd7 Kxd7 17. Rad1 cxd4 18. cxd4 Rc8 19. Rc1 Bd6 20. Bxd6
Kxd6 21. Ke2 f6 22. Kd3 e5 23. e4 Rhe8 24. dxe5+ Kxe5 25. exd5 Kxd5 26. Rxc8
Rxc8 27. Re1 Rc7 28. Re2 b5 29. Re8 Rd7 30. Kc3 Rc7+ 31. Kd3 Rd7 32. Kc3 Rc7+
33. Kd3 1/2-1/2

[Event "9. LGA Premium Cup 2012"]
[Site "Nürnberg"]
[Date "2012.09.09"]
[Round "7.71"]
[White "Siegel, Adrian"]
[Black "Rausch, Wolfgang sr"]
[Result "1/2-1/2"]
[WhiteElo "2015"]
[BlackElo "1875"]
[PlyCount "87"]
[EventDate "2012.??.??"]
[WhiteTeam "SUI"]
[BlackTeam "SC Noris-Tarrasch Nürnberg 1873"]

1. d4 Nf6 2. Nf3 b6 3. Bg5 Ne4 4. Bf4 Bb7 5. Nbd2 e6 6. Nxe4 Bxe4 7. e3 Be7 8.
c3 h6 9. Nd2 Bb7 10. Qc2 d6 11. Bb5+ c6 12. Bd3 Nd7 13. O-O O-O 14. Nf3 d5 15.
a4 c5 16. Qe2 Re8 17. a5 c4 18. Bc2 b5 19. Nd2 b4 20. e4 b3 21. Bd1 Bg5 22.
Bxg5 Qxg5 23. f4 Qg6 24. e5 f5 25. Nf3 a6 26. Nh4 Qh7 27. Qh5 Nf8 28. Qe2 Bc6
29. Qf2 Re7 30. Be2 Raa7 31. g3 g5 32. Ng2 Qg6 33. Ne3 Rg7 34. Qg2 Qe8 35. Kh1
g4 36. Kg1 h5 37. Kf2 Qc8 38. Rh1 Rh7 39. Rag1 Rag7 40. Qf1 Qd8 41. Qa1 h4 42.
Qa3 hxg3+ 43. hxg3 Qe7 44. Qxe7 1/2-1/2

[Event "9. LGA Premium Cup 2012"]
[Site "Nürnberg"]
[Date "2012.09.09"]
[Round "7.72"]
[White "Hirschmann, Jakob"]
[Black "Straschewski, Jörg"]
[Result "1/2-1/2"]
[WhiteElo "1897"]
[BlackElo "2008"]
[PlyCount "99"]
[EventDate "2012.??.??"]
[WhiteTeam "SG Reil-Kinheim"]
[BlackTeam "TSV Cadolzburg e.V."]

1. e4 e6 2. d3 d5 3. Nd2 Nf6 4. Ngf3 Nc6 5. e5 Nd7 6. d4 f6 7. Bd3 Nb4 8. Bb5
c6 9. Be2 c5 10. c3 Nc6 11. exf6 Nxf6 12. Ne5 Nxe5 13. dxe5 Nd7 14. f4 Be7 15.
Bd3 g6 16. Qg4 Nb8 17. h4 Nc6 18. h5 g5 19. Nf3 gxf4 20. Bxf4 Kd7 21. Rd1 Kc7
22. h6 Bd7 23. Qg7 Qg8 24. Ng5 Qf8 25. O-O Qxg7 26. hxg7 Rhg8 27. Nxh7 Rxg7 28.
Nf6 Rh8 29. Nxd5+ Kc8 30. Nf6 Bxf6 31. exf6 Rf7 32. Bd6 Rh6 33. Bxc5 Rhxf6 34.
Rxf6 Rxf6 35. Rf1 Rxf1+ 36. Kxf1 Ne5 37. Be4 b6 38. Bd4 Bb5+ 39. Kg1 Nd3 40. g4
e5 41. g5 exd4 42. g6 dxc3 43. g7 Bc4 44. Bxd3 cxb2 45. Bb1 Kd7 46. Kf2 Ke7 47.
Ke3 Kf6 48. Kd4 Bf7 49. Kc3 Kxg7 50. Kxb2 1/2-1/2

[Event "9. LGA Premium Cup 2012"]
[Site "Nürnberg"]
[Date "2012.09.09"]
[Round "7.73"]
[White "Osmanovic, Faruk"]
[Black "Holzmayr, Norbert"]
[Result "1/2-1/2"]
[WhiteElo "2006"]
[BlackElo "1823"]
[PlyCount "76"]
[EventDate "2012.??.??"]
[WhiteTeam "SC Blauer Turm Bad Wimpfen"]
[BlackTeam "SV Ilmmünster"]

1. e4 e5 2. Nf3 Nc6 3. Bc4 Bc5 4. Nc3 Nf6 5. O-O d6 6. d3 Qe7 7. Bg5 h6 8. Nd5
Qd8 9. Be3 Nxd5 10. Bxd5 Bb6 11. Qd2 g5 12. c3 Bg4 13. Ne1 Be6 14. Bb3 Ne7 15.
d4 Ng6 16. Nd3 Qf6 17. Ba4+ Kf8 18. d5 Bc8 19. Rac1 Nh4 20. Bd1 Rg8 21. c4 g4
22. Kh1 Bxe3 23. Qxe3 b6 24. b4 Bd7 25. c5 Bb5 26. cxb6 axb6 27. a4 Bxa4 28.
Bxa4 Rxa4 29. Rxc7 Kg7 30. Qxb6 Nxg2 31. Nxe5 Qxe5 32. Kxg2 Qxe4+ 33. Kg1 Rxb4
34. Qxd6 Rb1 35. Rxb1 Qxb1+ 36. Kg2 Qe4+ 37. Kg1 Qe1+ 38. Kg2 Qe4+ 1/2-1/2

[Event "9. LGA Premium Cup 2012"]
[Site "Nürnberg"]
[Date "2012.09.09"]
[Round "7.74"]
[White "Wiesgickl, Gerhard"]
[Black "Hirschberg, Leander"]
[Result "1/2-1/2"]
[WhiteElo "2006"]
[BlackElo "1726"]
[PlyCount "34"]
[EventDate "2012.??.??"]
[WhiteTeam "SG Siemens Amberg"]
[BlackTeam "SV Pfinztal e. V."]

1. Nf3 d5 2. b3 Bf5 3. Bb2 Nf6 4. e3 Nbd7 5. d4 e6 6. Bd3 Bxd3 7. Qxd3 Bd6 8.
Nbd2 c6 9. c4 O-O 10. O-O Qe7 11. Ne5 Rac8 12. c5 Bxe5 13. dxe5 Ng4 14. Qd4 Nh6
15. b4 Nf5 16. Qf4 Qd8 17. Nf3 Nb8 1/2-1/2

[Event "9. LGA Premium Cup 2012"]
[Site "Nürnberg"]
[Date "2012.09.09"]
[Round "7.75"]
[White "Beesk, Kevin"]
[Black "Süß, Helmut"]
[Result "1/2-1/2"]
[WhiteElo "1822"]
[BlackElo "1995"]
[PlyCount "66"]
[EventDate "2012.??.??"]
[WhiteTeam "SK Neumarkt e.V."]
[BlackTeam "SC Noris-Tarrasch Nürnberg 1873"]

1. Nc3 d5 2. e4 c6 3. Nf3 dxe4 4. Nxe4 Bg4 5. h3 Bxf3 6. Qxf3 e6 7. Qb3 Qb6 8.
Bc4 Qxb3 9. Bxb3 Nd7 10. c3 Ngf6 11. Ng3 Bd6 12. O-O h5 13. Re1 O-O-O 14. d4
Rde8 15. Bd2 h4 16. Ne4 Nxe4 17. Rxe4 Nf6 18. Re2 Nd5 19. Rae1 Nf6 20. Bg5 Rh5
21. Bxf6 gxf6 22. Bc2 f5 23. c4 Rg8 24. Rd1 Rhg5 25. f3 Kc7 26. a3 a5 27. Rb1
c5 28. dxc5 Bxc5+ 29. Kh1 f4 30. b4 axb4 31. axb4 Bd4 32. Rd1 e5 33. Be4 Ra8
1/2-1/2

[Event "9. LGA Premium Cup 2012"]
[Site "Nürnberg"]
[Date "2012.09.09"]
[Round "7.76"]
[White "Mehringer, Jörg"]
[Black "Süß, Stefan"]
[Result "1-0"]
[WhiteElo "1851"]
[BlackElo "1971"]
[PlyCount "73"]
[EventDate "2012.??.??"]
[WhiteTeam "SC Weisse Dame e.V."]
[BlackTeam "SC Noris-Tarrasch Nürnberg 1873"]

1. e4 c5 2. g3 b6 3. Bg2 Bb7 4. d3 e6 5. f4 Nf6 6. Nf3 d5 7. e5 Nfd7 8. O-O Nc6
9. c3 Be7 10. Na3 a6 11. Nc2 b5 12. d4 O-O 13. Be3 b4 14. Bh3 f5 15. exf6 Rxf6
16. cxb4 cxb4 17. Re1 Qe8 18. Bd2 Nf8 19. Ng5 Bc8 20. Qe2 Qg6 21. Rac1 Bd6 22.
Bg2 h6 23. Nf3 Bd7 24. Ne5 Bxe5 25. dxe5 Rf7 26. Bxb4 Rb8 27. Bc3 h5 28. Qxa6
h4 29. Re3 Be8 30. Qd3 hxg3 31. hxg3 Qg4 32. Qe2 Qg6 33. Nd4 Nxd4 34. Bxd4 Bb5
35. Qf3 Nh7 36. Rec3 Ng5 37. Qg4 1-0

[Event "9. LGA Premium Cup 2012"]
[Site "Nürnberg"]
[Date "2012.09.09"]
[Round "7.77"]
[White "Wettermann, Bernd"]
[Black "Renner, Gabriele"]
[Result "0-1"]
[WhiteElo "1741"]
[BlackElo "1946"]
[PlyCount "88"]
[EventDate "2012.??.??"]
[WhiteTeam "FC Konradsreuth"]
[BlackTeam "FC Bayern München e.V."]

1. e4 c6 2. d4 d5 3. Nc3 dxe4 4. Nxe4 Nd7 5. Bc4 Ngf6 6. Qe2 Nxe4 7. Qxe4 Nf6
8. Qd3 e6 9. Nf3 Be7 10. Bd2 O-O 11. b4 b6 12. O-O c5 13. bxc5 bxc5 14. Rab1
cxd4 15. Ne5 Bd6 16. Nc6 Bxh2+ 17. Kh1 Qc7 18. Bb5 Ng4 19. Qh3 e5 20. Qh4 e4
21. Ne7+ Kh8 22. f4 Bg3 23. Qxg3 Qxe7 24. Bc6 Bf5 25. Bb4 Qe6 26. Bxf8 Qxc6 27.
Ba3 Rd8 28. Bb2 h5 29. Qh4 Nf6 30. Qg5 Bg4 31. Rf2 e3 32. Rf3 Bxf3 33. gxf3
Qxf3+ 34. Kg1 Rd5 35. Qh4 e2 36. Re1 Qe3+ 37. Kg2 Qe4+ 38. Kg3 Qe3+ 39. Kg2 Ng4
40. Bc1 Qe4+ 41. Kg3 d3 42. f5 Qxf5 43. Qe7 Qf2+ 44. Kh3 Qh2# 0-1

[Event "9. LGA Premium Cup 2012"]
[Site "Nürnberg"]
[Date "2012.09.09"]
[Round "7.79"]
[White "Balhar, Michael"]
[Black "Fiedler, Wolfgang"]
[Result "0-1"]
[WhiteElo "1750"]
[BlackElo "2016"]
[PlyCount "90"]
[EventDate "2012.??.??"]
[WhiteTeam "SC Erlangen 48/88 e.V."]
[BlackTeam "SK Zirndorf e.V."]

1. e4 g6 2. d4 Bg7 3. Be3 d6 4. Nc3 Nc6 5. Qd2 h6 6. Be2 Nf6 7. f4 d5 8. e5 Ng4
9. Bf3 Nxe3 10. Qxe3 Be6 11. Nge2 Qd7 12. h3 h5 13. Nc1 Nb4 14. Qd2 Bf5 15. Bd1
c6 16. a3 Na6 17. Nb3 b6 18. Be2 Nc7 19. Bd3 Bh6 20. Ne2 h4 21. Nbc1 Bxd3 22.
Nxd3 Ne6 23. Qe3 Ng7 24. Qf2 Nf5 25. O-O-O O-O-O 26. Qf3 Kb7 27. Kb1 e6 28. Nf2
Bf8 29. Ng4 Be7 30. Ne3 Nxe3 31. Qxe3 c5 32. Ka2 c4 33. Rc1 Qa4 34. Nc3 Qa5 35.
Nb1 b5 36. c3 Qa4 37. Qd2 Rb8 38. Qc2 Qa5 39. Rcf1 Rhc8 40. b4 Qb6 41. Kb2 a5
42. Nd2 Ra8 43. Ra1 Ra6 44. Nb1 Rca8 45. Rd1 axb4 0-1

[Event "9. LGA Premium Cup 2012"]
[Site "Nürnberg"]
[Date "2012.09.09"]
[Round "7.81"]
[White "Felser, Martin"]
[Black "Matuschek, Thomas"]
[Result "1-0"]
[WhiteElo "1869"]
[BlackElo "1782"]
[PlyCount "39"]
[EventDate "2012.??.??"]
[WhiteTeam "SK Marktoberdorf"]
[BlackTeam "SG Siemens Amberg"]

1. c4 Nf6 2. g3 e6 3. Bg2 d5 4. Nf3 Nbd7 5. O-O Be7 6. d4 O-O 7. b3 b6 8. Bb2
Bb7 9. cxd5 Bxd5 10. Nc3 Bb7 11. Re1 c5 12. e4 cxd4 13. Nxd4 Nc5 14. b4 Ncd7
15. e5 Nd5 16. Nxd5 Bxd5 17. Bxd5 exd5 18. Nc6 Qe8 19. Qxd5 Bd8 20. Rad1 1-0

[Event "9. LGA Premium Cup 2012"]
[Site "Nürnberg"]
[Date "2012.09.09"]
[Round "7.82"]
[White "Dreiseitel, Werner"]
[Black "Weißbeck, Wolf-Dieter"]
[Result "1/2-1/2"]
[WhiteElo "1584"]
[BlackElo "1874"]
[PlyCount "61"]
[EventDate "2012.??.??"]
[WhiteTeam "SC Noris-Tarrasch Nürnberg 1873"]
[BlackTeam "SV Alsfeld"]

1. d4 f5 2. c4 Nf6 3. Nc3 e6 4. Nf3 Be7 5. Bf4 O-O 6. h3 Ne4 7. Qc2 Bb4 8. e3
d5 9. Be2 Nd7 10. O-O Bxc3 11. bxc3 c6 12. Rfc1 g5 13. Bh2 g4 14. hxg4 fxg4 15.
Ne5 Nxe5 16. Bxe5 Qh4 17. g3 Qh5 18. Bf4 Qf5 19. Bd3 Bd7 20. Kg2 Be8 21. Rh1
Bg6 22. Rh6 dxc4 23. Bxc4 Nxg3 24. Rxg6+ Qxg6 25. Bd3 Qh5 26. Bxg3 Qh3+ 27. Kg1
Rf3 28. Bf1 Rxg3+ 29. fxg3 Qxg3+ 30. Bg2 Qxe3+ 31. Qf2 1/2-1/2

[Event "9. LGA Premium Cup 2012"]
[Site "Nürnberg"]
[Date "2012.09.09"]
[Round "7.83"]
[White "Siegl, Melina"]
[Black "Diener, Carolin Valeria"]
[Result "1-0"]
[WhiteElo "1788"]
[BlackElo "1710"]
[PlyCount "58"]
[EventDate "2012.??.??"]
[WhiteTeam "SW Nürnberg Süd e.V."]
[BlackTeam "Sfr.1891 Friedberg"]

1. e4 e5 2. Nf3 Nc6 3. Bc4 Bc5 4. c3 Nf6 5. d3 O-O 6. Bb3 h6 7. Nbd2 d6 8. h3
Kh8 9. Nf1 Bb6 10. Ng3 Qe8 11. Qe2 a6 12. Be3 Ba7 13. Nh4 Be6 14. Bc2 d5 15.
Bxa7 Rxa7 16. Nhf5 Ra8 17. O-O Ng8 18. Qd2 Nce7 19. Nh4 Nf6 20. f4 dxe4 21.
fxe5 Nd7 22. d4 c5 23. Nxe4 cxd4 24. cxd4 Nd5 25. Nd6 Qb8 26. Qd3 f5 27. Ng6+
Kg8 28. Nxf8 Qxf8 29. Nxf5 Bxf5 1-0

[Event "9. LGA Premium Cup 2012"]
[Site "Nürnberg"]
[Date "2012.09.09"]
[Round "7.84"]
[White "Babichev, Vyacheslav"]
[Black "Siegl, Adrian"]
[Result "0-1"]
[WhiteElo "1775"]
[BlackElo "1697"]
[PlyCount "46"]
[EventDate "2012.??.??"]
[WhiteTeam "SW Nürnberg Süd e.V."]
[BlackTeam "SW Nürnberg Süd e.V."]

1. b3 d5 2. Bb2 Bf5 3. Nf3 Nf6 4. e3 e6 5. Nh4 Bg4 6. Be2 Bxe2 7. Qxe2 c5 8.
Nf3 Nc6 9. O-O Be7 10. d3 O-O 11. a3 Rc8 12. Nbd2 Qc7 13. Rac1 Rfd8 14. c4 dxc4
15. Nxc4 Rd7 16. Nfe5 Nxe5 17. Nxe5 Rd5 18. f4 Rcd8 19. e4 R5d6 20. b4 b6 21.
d4 Qb7 22. dxc5 bxc5 23. Rxc5 Rd2 0-1

[Event "9. LGA Premium Cup 2012"]
[Site "Nürnberg"]
[Date "2012.09.09"]
[Round "7.85"]
[White "Nieke, Karl-Friedrich"]
[Black "Reichel, Günther"]
[Result "1-0"]
[WhiteElo "1528"]
[BlackElo "1730"]
[PlyCount "67"]
[EventDate "2012.??.??"]
[WhiteTeam "SK Lauffen"]
[BlackTeam "SC-SF 1957 Stockstadt"]

1. d4 e6 2. Nf3 f5 3. Bf4 Nf6 4. e3 b6 5. Be2 Bb7 6. Nbd2 Be7 7. O-O O-O 8. c4
c5 9. Re1 Nc6 10. a3 a5 11. Nf1 Qe8 12. d5 Nb8 13. dxe6 dxe6 14. Bd6 Bxd6 15.
Qxd6 Ne4 16. Qxb6 Bc6 17. Ne5 Ba4 18. f3 Ra6 19. Qc7 Nf6 20. Qxc5 Nbd7 21. Nxd7
Qxd7 22. Qd4 Rd6 23. Qc3 Qa7 24. b3 Bc6 25. Rad1 Rfd8 26. Rxd6 Rxd6 27. Rd1
Rxd1 28. Bxd1 Qc5 29. b4 Qd6 30. Bb3 a4 31. Bc2 Qc7 32. Qd4 e5 33. Qc5 Nd7 34.
Qe7 1-0